| 000 | 01437namaa22003611i 4500 | ||
|---|---|---|---|
| 003 | EG-GICUC | ||
| 005 | 20251120113347.0 | ||
| 008 | 251120s2006 mr ||||jr|||| 000 0 ara d | ||
| 017 |
_a2006 / 2332 _bالمكتبة الوطنية (المغرب) |
||
| 020 | _a9954496009 | ||
| 040 |
_aEG-GiCUC _bara _cEG-GiCUC _dEG-GiCUC _erda |
||
| 041 |
_aara _hfre |
||
| 082 | 0 | 4 |
_221 _a418.02 _bB6121 |
| 092 | 0 | 4 |
_221 _a418.02 _bB6121 |
| 099 | _a418.02 B6121 | ||
| 100 | 1 |
_aبنعبد العالى، عبد السلام _eمؤلف. |
|
| 240 | 1 |
_aDe la traduction _larabic |
|
| 245 | 1 | 0 |
_aفى الترجمة / _cعبد السلام بنعبد العالى ؛ ترجمة كمال التومى ؛ قدم له وراجع الترجمة عبد الفتاح كيليطو |
| 250 | _aالطبعة الاولى | ||
| 264 |
_aالدار البيضاء (المغرب) : _bدار توبقال للنشر، _c2006. |
||
| 300 |
_a99 صفحة ؛ _c24 سم |
||
| 336 |
_2rdacontent _atext |
||
| 337 |
_2rdamedia _aUnmediated |
||
| 338 |
_2rdacarrier _avolume |
||
| 504 | _aيشتمل على ارجاعات ببليوجرافية. | ||
| 541 |
_aد. جابر عصفور ؛ _bالقاهرة ؛ _cإهداء ؛ _d2024. |
||
| 650 | 1 | 7 |
_aالترجمة العربية _2qrmak |
| 651 | 1 | _2qrmak | |
| 700 | 1 |
_aالتومى، كمال _eمترجم. |
|
| 700 | 1 |
_aكيليطو، عبد الفتاح _eمراجع. |
|
| 905 | _aNermeen | ||
| 942 |
_2ddc _cBK _e21 _n0 |
||
| 999 |
_c176046 _d176046 |
||